Mediaciones

La revista mediaciones, busca generar un aporte al debate sobre la comunicación en el país, es una revista académica que se encuentra constituida desde seis ejes conceptuales culturas, aprendizajes, lenguajes, ciudadanías, desarrollo y cibercultura.

Uloženo v:
Podrobná bibliografie
Korporativní autor: Corporación Universitaria Minuto de Dios Facultad de Ciencias de la Comunicación
Médium: Časopis
Jazyk:Spanish
Vydáno: Bogotá: Corporación Universitaria Minuto de Dios 2003-
Témata:
On-line přístup:Enlace del recurso
Tagy: Přidat tag
Žádné tagy, Buďte první, kdo vytvoří štítek k tomuto záznamu!

MARC

LEADER 00000nas a2200000 a 4500
001 001688
003 OSt
005 20191018154018.0
008 191018c2003 ck r|p l0 a spa d
999 |c 6373  |d 6373 
022 |a 1692-5688 
040 |b spa  |c CNA-IDEP 
041 0 |a spa 
090 |a Med 
110 2 |a Corporación Universitaria Minuto de Dios  |b Facultad de Ciencias de la Comunicación  |9 9034 
222 |a Mediaciones 
245 |a Mediaciones   |c Corporación Universitaria Minuto de Dios Facultad de Ciencias de la Comunicación  |h [Revista] 
260 |a Bogotá:  |b Corporación Universitaria Minuto de Dios  |c 2003- 
270 |a Calle 81 B No. 73 - 38  |b Bogotá  |d Colombia  |k 2916520 Ext: 6725  |m comunicacion@uniminuto.edu 
300 |a n. :   |b il;  |c 20 cm 
362 |a 2003- 
500 |a Descripción basada en: No. 1 (Año 2003). 
504 |a Incluye bibliografía. 
520 3 |a La revista mediaciones, busca generar un aporte al debate sobre la comunicación en el país, es una revista académica que se encuentra constituida desde seis ejes conceptuales culturas, aprendizajes, lenguajes, ciudadanías, desarrollo y cibercultura. 
650 1 7 |a Información y comunicación  |2 Unesco  |9 8401 
650 1 7 |a Exposición oral  |2 Unesco  |v Publicaciones seriadas  |z Bogotá  |z Colombia  |9 9035 
650 1 7 |a Información y comunicación  |2 Unesco  |v Publicaciones seriadas  |z Bogotá  |z Colombia  |9 9036 
942 |2 LOC  |c CR 
856 |u https://catalogo.idep.edu.co/cgi-bin/koha/opac-detail.pl?biblionumber=6373  |z Enlace del recurso